000 00403nam a2200157Ia 4500
999 _c2809
_d2809
003 MAJU-Karachi
005 20211110160718.0
008 190902s9999||||xx |||||||||||||| ||und||
020 _a0-88730-863-5
040 _cDLC
100 _aRices ,AL
245 0 _aFocus:The future of your company depends on it
260 _aNew York
_bHarper collins publisher
_c1996
300 _a304p.:
942 _cBK
_2ddc